Online Catalogue and eLibrary

Export processing zones in five countries (Record no. 2840)

MARC details
000 -LEADER
fixed length control field 00518nam a2200181Ia 4500
005 - DATE AND TIME OF LATEST TRANSACTION
control field 20240805040841.0
008 - FIXED-LENGTH DATA ELEMENTS--GENERAL INFORMATION
fixed length control field 240331s9999 xx 000 0 und d
020 ## - INTERNATIONAL STANDARD BOOK NUMBER
ISBN 9627245011
082 ## - DDC Classification
Item Number - Author Mark EXP
Class No. 382.71
245 #0 - TITLE STATEMENT
Title Export processing zones in five countries
Remainder of title The economic and human consequences
260 ## - PUBLICATION, DISTRIBUTION, ETC.
Place of publication, distribution, etc. Hong kong
Name of publisher, distributor, etc. Asia partnership for human development
Date of publication, distribution, etc. 1986
300 ## - PHYSICAL DESCRIPTION
Extent (e.g. Volumes, Pages etc.) viii, 267 p .,
650 ## - SUBJECT ADDED ENTRY--TOPICAL TERM
Topical term or geographic name entry element Economic
650 ## - SUBJECT ADDED ENTRY--TOPICAL TERM
Topical term or geographic name entry element Human Rights
650 ## - SUBJECT ADDED ENTRY--TOPICAL TERM
Topical term or geographic name entry element History
700 ## - ADDED ENTRY--PERSONAL NAME
Personal name Shoesmith,D
Relator term (Role) Editor
942 ## - Koha item type (Biblio)
Koha item type Books in Stacks (Lending)
Holdings
Lost status Damaged status Collection code Home library Current library Shelving location Date acquired Full call number Accession Number Item type
    Lending WERC Library WERC Library Social Science Cupboard 03/31/2024 382.71 EXP 28 Books in Stacks (Lending)

© WERC Library